[Event "Open Ricany 2012"]
[Site "http://www.openricany.cz/"]
[Date "2012.08.27"]
[Round "3.39"]
[White "Rezac, Jindrich"]
[Black "Vystrcil, Martin"]
[Result "1-0"]
[WhiteElo "1864"]
[BlackElo "1750"]
[PlyCount "123"]
[EventDate "2012.??.??"]

1. d4 Nf6 2. c4 g6 3. Nc3 Bg7 4. e4 d6 5. Nf3 O-O 6. Be2 Bg4 7. h3 Bxf3 8. Bxf3
Nc6 9. O-O e5 10. d5 Nd4 11. Be3 Re8 12. Re1 Nd7 13. Bxd4 exd4 14. Nb5 d3 15.
Qxd3 Bxb2 16. Rab1 Bg7 17. Qc2 Nc5 18. Nc3 Bxc3 19. Qxc3 Re5 20. g3 Qe7 21. Bg2
Qd7 22. f4 Re7 23. e5 Rae8 24. g4 b6 25. Re2 g5 26. e6 fxe6 27. fxg5 e5 28. Rf1
Rf8 29. Rf6 Ref7 30. Ref2 Qe7 31. Qf3 Nd7 32. Rxf7 Rxf7 33. Qe3 Rxf2 34. Kxf2
Qf7+ 35. Kg3 Nf8 36. Be4 Ng6 37. Bf5 Nf4 38. Qe4 Qg7 39. h4 Kh8 40. Be6 Qg6 41.
Bf5 Qg7 42. Kf3 a5 43. a4 Qg8 44. Bd7 Qf8 45. Qf5 Qxf5 46. gxf5 Nd3 47. f6 Nc5
48. Bc6 Kg8 49. h5 Kf7 50. Kg4 e4 51. Kf4 Kg8 52. g6 hxg6 53. hxg6 Kf8 54. g7+
Kg8 55. Be8 Nd3+ 56. Kxe4 Ne5 57. Bb5 Kf7 58. Kf5 Nd3 59. Be8+ Kg8 60. Ke6 Nf4+
61. Kd7 b5 62. Ke7 1-0

[Event "Open Ricany 2012"]
[Site "http://www.openricany.cz/"]
[Date "2012.08.27"]
[Round "3.40"]
[White "Filip, Vojtech"]
[Black "Cermak, Jan"]
[Result "1/2-1/2"]
[WhiteElo "1832"]
[BlackElo "1731"]
[PlyCount "55"]
[EventDate "2012.??.??"]

1. d4 d5 2. Nf3 Nf6 3. Bf4 Bf5 4. e3 e6 5. Be2 Be7 6. Ne5 Nbd7 7. g4 Bg6 8. h4
h5 9. Nxg6 fxg6 10. g5 Ne4 11. Nd2 Nd6 12. c4 c6 13. Bxd6 Bxd6 14. Bd3 Nf8 15.
Qc2 Kf7 16. Rh3 Qe8 17. Rf3+ Kg8 18. O-O-O Kh7 19. Kb1 Nd7 20. e4 Rf8 21. Rxf8
Nxf8 22. cxd5 exd5 23. exd5 cxd5 24. Nf3 Qf7 25. Ne5 Bxe5 26. dxe5 Qf4 27. Qc7
Re8 28. Qxb7 1/2-1/2

[Event "Open Ricany 2012"]
[Site "http://www.openricany.cz/"]
[Date "2012.08.27"]
[Round "3.41"]
[White "Skvaril, Michal"]
[Black "Kyselka, David"]
[Result "0-1"]
[WhiteElo "1728"]
[BlackElo "1830"]
[PlyCount "29"]
[EventDate "2012.??.??"]

1. e4 c5 2. Nf3 d6 3. d4 cxd4 4. Nxd4 e6 5. Nc3 a6 6. Bg5 Qxg5 7. Qf3 Qf6 8.
Qe3 Qd8 9. f4 Be7 10. Bd3 Qb6 11. Na4 Qb4+ 12. Nc3 Nc6 13. Nxc6 bxc6 14. O-O d5
15. Qg3 {Dale necitelne} 0-1

[Event "Open Ricany 2012"]
[Site "http://www.openricany.cz/"]
[Date "2012.08.27"]
[Round "3.42"]
[White "Suchy, Ladislav"]
[Black "Havlicek, Pavel"]
[Result "1-0"]
[WhiteElo "1809"]
[BlackElo "1705"]
[PlyCount "31"]
[EventDate "2012.??.??"]

1. Nc3 e5 2. Nf3 Nc6 3. d4 exd4 4. Nxd4 Nxd4 5. Qxd4 Qf6 6. Be3 Qxd4 7. Bxd4 c6
8. O-O-O d5 9. e4 dxe4 10. Nxe4 f6 11. Bc4 Bd7 12. Rhe1 Kd8 13. Be3 Kc8 14. Bf4
f5 15. Ng5 Nh6 16. Re8+ 1-0

[Event "Open Ricany 2012"]
[Site "http://www.openricany.cz/"]
[Date "2012.08.27"]
[Round "3.43"]
[White "Berg, Antonin"]
[Black "Janicek, Jindrich"]
[Result "0-1"]
[WhiteElo "1808"]
[BlackElo "2053"]
[PlyCount "93"]
[EventDate "2012.??.??"]

1. e4 c5 2. Nf3 e6 3. d4 cxd4 4. Nxd4 Nc6 5. Be2 a6 6. O-O Qc7 7. a4 Nf6 8. Nc3
Be7 9. Nb3 O-O 10. f4 d6 11. Be3 Re8 12. a5 Nd7 13. Kh1 Bf8 14. Qe1 Nb4 15. Nb5
axb5 16. Qxb4 d5 17. Qxb5 dxe4 18. c4 Nf6 19. Bd4 Bd7 20. Qg5 h6 21. Qg3 Kh7
22. Qc3 Ng8 23. Nd2 f5 24. b4 Re7 25. Nb3 g5 26. fxg5 hxg5 27. b5 e5 28. Bb6
Qb8 29. c5 Qe8 30. c6 bxc6 31. bxc6 Bc8 32. c7 f4 33. Rfd1 Bg7 34. Rd8 Qg6 35.
Bb5 Re6 36. Bd7 Bxd7 37. Rxa8 Rc6 38. Nc5 e3 39. Qb3 Ne7 40. Nxd7 e4 41. Re1 g4
42. c8=Q Nxc8 43. Qa3 Qf5 44. Nc5 Bd4 45. Qa4 f3 46. Rxe3 f2 47. h3 0-1